| 000 | 00512 a2200169 4500 | ||
|---|---|---|---|
| 003 | Nust | ||
| 005 | 20221124134628.0 | ||
| 040 | _cNust | ||
| 082 | _a621.38132,CAR | ||
| 100 |
_aJohn M. Carrol _9103519 |
||
| 245 |
_aMicroelectronic circuits and applications / _cJohn M. Carrol |
||
| 260 |
_aMc Graw-Hill _bLondon _c1965 |
||
| 300 | _a360p | ||
| 505 | _aPart I: A Survey of Microelectronics (Page-1), Part II: Circuits and Applications (Page-25), | ||
| 650 | _aTelecommunication Engineering | ||
| 942 |
_2ddc _cBK |
||
| 999 |
_c181923 _d181923 |
||